<?xml version="1.0" encoding="UTF-8"?>
<record
    xmlns:xsi="http://www.w3.org/2001/XMLSchema-instance"
    xsi:schemaLocation="http://www.loc.gov/MARC21/slim http://www.loc.gov/standards/marcxml/schema/MARC21slim.xsd"
    xmlns="http://www.loc.gov/MARC21/slim">

  <leader>00904nam a22001817a 4500</leader>
  <datafield tag="952" ind1=" " ind2=" ">
    <subfield code="0">0</subfield>
    <subfield code="1">0</subfield>
    <subfield code="4">0</subfield>
    <subfield code="7">0</subfield>
    <subfield code="a">18</subfield>
    <subfield code="b">18</subfield>
    <subfield code="d">2016-07-19</subfield>
    <subfield code="l">0</subfield>
    <subfield code="o">T58.5 B43</subfield>
    <subfield code="p">18 003350</subfield>
    <subfield code="r">2016-07-19</subfield>
    <subfield code="t">1</subfield>
    <subfield code="w">2016-07-19</subfield>
    <subfield code="y">LB</subfield>
  </datafield>
  <datafield tag="999" ind1=" " ind2=" ">
    <subfield code="c">100406</subfield>
    <subfield code="d">100406</subfield>
  </datafield>
  <controlfield tag="008">160719s2004    mx a|||fr|||| 00| 0 spa d</controlfield>
  <datafield tag="020" ind1=" " ind2=" ">
    <subfield code="a">9706137890</subfield>
  </datafield>
  <datafield tag="050" ind1="0" ind2="4">
    <subfield code="a">T58.5</subfield>
    <subfield code="b">B43</subfield>
  </datafield>
  <datafield tag="100" ind1="1" ind2=" ">
    <subfield code="a">Becerril, Francisco</subfield>
    <subfield code="e">autor</subfield>
  </datafield>
  <datafield tag="245" ind1="1" ind2="0">
    <subfield code="a">Tecnolog&#xED;as de la informaci&#xF3;n</subfield>
    <subfield code="b"> : las nuevas comunidades</subfield>
    <subfield code="c"> / Francisco Becerril, Jos&#xE9; Chac&#xF3;n</subfield>
  </datafield>
  <datafield tag="260" ind1="3" ind2=" ">
    <subfield code="a">M&#xE9;xico</subfield>
    <subfield code="b"> : Oxford</subfield>
    <subfield code="c">, 2004</subfield>
  </datafield>
  <datafield tag="300" ind1=" " ind2=" ">
    <subfield code="a">287 p&#xE1;ginas</subfield>
    <subfield code="b"> : ilustrado</subfield>
  </datafield>
  <datafield tag="505" ind1=" " ind2=" ">
    <subfield code="a">Antecedentes de la inform&#xE1;tica
Estructura f&#xED;sica de una computadora
Estructura l&#xF3;gica de una computadora
Internet
Las aplicaciones de oficina e internet
Los lenguajes de programaci&#xF3;n
Modelaci&#xF3;n gr&#xE1;fica de problemas: UML
.Net y Mono, el futuro inmediato del software</subfield>
  </datafield>
  <datafield tag="519" ind1=" " ind2=" ">
    <subfield code="a">Plan Flexible / </subfield>
    <subfield code="b">Nutrici&#xF3;n / </subfield>
    <subfield code="c">Tecnolog&#xED;as de la Informaci&#xF3;n (M06-3) / </subfield>
    <subfield code="d">(18 003350)</subfield>
  </datafield>
  <datafield tag="650" ind1="1" ind2="4">
    <subfield code="a">TECNOLOG&#xCD;AS DE LA INFORMACI&#xD3;N</subfield>
  </datafield>
  <datafield tag="700" ind1="1" ind2=" ">
    <subfield code="a">Chac&#xF3;n, Jos&#xE9;</subfield>
    <subfield code="e">autor</subfield>
  </datafield>
  <datafield tag="942" ind1=" " ind2=" ">
    <subfield code="c">LB</subfield>
  </datafield>
</record>
